Nuevo diccionario de catequética / (Record no. 27539)
[ view plain ]
| 000 -LEADER | |
|---|---|
| campo de control de longitud fija | 00832ntaaa2200241 4500 |
| 003 - IDENTIFICADOR DE NÚMERO DE CONTROL | |
| campo de control | 01 |
| 005 - FECHA Y HORA DE LA ÚLTIMA TRANSACCIÓN | |
| campo de control | 20251027203217.0 |
| 008 - DATOS DE LONGITUD FIJA--INFORMACIÓN GENERAL | |
| campo de control de longitud fija | 0714s1973 ag 01 |
| 020 ## - NÚMERO INTERNACIONAL ESTÁNDAR DEL LIBRO | |
| Número Internacional Estándar del Libro | 8428522111 (obra completa)842852212X (volumen I)8428522138 (volumen II) |
| 040 ## - FUENTE DE CATALOGACIÓN | |
| Centro catalogador/agencia de origen | AR-BaBN |
| Lengua de catalogación | spa |
| Centro/agencia transcriptor | AR-BaBN |
| Normas de descripción | aacr |
| Centro/agencia modificador | RIC |
| 082 ## - NÚMERO DE LA CLASIFICACIÓN DECIMAL DEWEY | |
| Número de clasificación | 200.3 P34n |
| 245 ## - MENCIÓN DEL TÍTULO | |
| Título | Nuevo diccionario de catequética / |
| Mención de responsabilidad, etc. | Vicente María Pedrosa Arés, María Navarro González, Ricardo Lázaro Recalde |
| 250 ## - MENCION DE EDICION | |
| Mención de edición | 1 ed. |
| 260 ## - PUBLICACIÓN, DISTRIBUCIÓN, ETC. | |
| Lugar de publicación, distribución, etc. | Madrid : |
| Nombre del editor, distribuidor, etc. | San Pablo, |
| Fecha de publicación, distribución, etc. | 1999 |
| 300 ## - DESCRIPCIÓN FÍSICA | |
| Extensión | 2 v. |
| 500 ## - NOTA GENERAL | |
| Nota general | Volumen I: A-I.Volumen II: J-Z. |
| 650 ## - PUNTO DE ACCESO ADICIONAL DE MATERIA--TÉRMINO DE MATERIA | |
| Término de materia o nombre geográfico como elemento de entrada | CATEQUESIS-DICCIONARIOS |
| 9 (RLIN) | 34036 |
| 700 ## - ENTRADA AGREGADA--NOMBRE PERSONAL | |
| Nombre de persona | Pedrosa Arés, Vicente María |
| 9 (RLIN) | 34037 |
| 700 ## - ENTRADA AGREGADA--NOMBRE PERSONAL | |
| Nombre de persona | Navarro González, María |
| 9 (RLIN) | 34038 |
| 700 ## - ENTRADA AGREGADA--NOMBRE PERSONAL | |
| Nombre de persona | Recalde, Ricardo Lázaro |
| 9 (RLIN) | 34039 |
| 700 ## - ENTRADA AGREGADA--NOMBRE PERSONAL | |
| Nombre de persona | Sastre García, Jesús |
| 9 (RLIN) | 34040 |
| 942 ## - ELEMENTOS DE ENTRADA SECUNDARIOS (KOHA) | |
| Tipo de ítem Koha | Colección General |
| Estatus retirado | Estado de pérdida | Estado de daño | No para préstamo | Biblioteca de origen | Biblioteca actual | Fecha de adquisición | Número de inventario | Total de préstamos | Signatura topográfica completa | Código de barras | Visto por última vez | Precio de reemplazo | Tipo de ítem Koha |
|---|---|---|---|---|---|---|---|---|---|---|---|---|---|
| Biblioteca Pluis | Biblioteca Pluis | 27/10/2025 | 43133 | 200.3 P34n | 43133 | 27/10/2025 | 27/10/2025 | REFERENCIA | |||||
| Biblioteca Pluis | Biblioteca Pluis | 27/10/2025 | 43134 | 43134 | 27/10/2025 | 27/10/2025 | Colección General |
